Name the song by the lyrics - rap - Statistics

General Stats
  • This quiz has been taken 48 times
  • The average score is 3 of 15
Answer Stats
Hint Answer % Correct
Im so f*cking sick and tired of the photo shop Humble
86%
Couldn’t afford a car so she named her daughter Alexus All falls down
50%
I just settled all my lawsuits, f*ck you Debbie Without me
50%
Lately you say he been killing the vibe, gotta be sick of this guy Don’t
21%
Got the magic stick, i’m the love doctor Candy shop
19%
Used to have no money for a crib now my room service bill cost your whole life Low life
7%
And deception is the only felony, so never f*ck nobody without telling me No church in the wild
7%
She was sitting down on that big butt but i was still staring at the titties though Only
7%
Black cards, black cars, all black everything Run this town
7%
I go out of my way to please you, I go out of my way to see you Again
5%
I’m attracted to her, with her attractive ass Bedrock
5%
Bulletproof glass, tints if i want some ass Hypnotize
5%
Shawty wanna hump, you know i like to touch your lovely lady lumps Lollipop
5%
We could start with a handshake, baby i’ma need more than a hug Girls need love
2%
I got love for the game but ay I’m not in love with all of it Live your life
0%
No matching quizzes found
Score Distribution
Percent of People with Each Score
Percentile by Number Answered
Your Score History
You have not taken this quiz